<?xml version="1.0" encoding="UTF-8"?>
<marc:record xmlns:marc="http://www.loc.gov/MARC21/slim">
   <marc:leader>00000nam a2200000 a 4500</marc:leader>
   <marc:datafield ind1="1" ind2=" " tag="100">
      <marc:subfield code="a">Dusini, Matthias</marc:subfield>
      <marc:subfield code="4">aut</marc:subfield>
      <marc:subfield code="e">Verfasser/-in</marc:subfield>
   </marc:datafield>
   <marc:datafield ind1=" " ind2=" " tag="653">
      <marc:subfield code="a">Italien</marc:subfield>
   </marc:datafield>
   <marc:datafield ind1=" " ind2=" " tag="653">
      <marc:subfield code="a">Entschleunigung</marc:subfield>
   </marc:datafield>
   <marc:datafield ind1=" " ind2=" " tag="653">
      <marc:subfield code="a">Utopien</marc:subfield>
   </marc:datafield>
   <marc:datafield ind1=" " ind2=" " tag="653">
      <marc:subfield code="a">Bahnreise</marc:subfield>
   </marc:datafield>
   <marc:datafield ind1=" " ind2=" " tag="653">
      <marc:subfield code="a">Schweiz</marc:subfield>
   </marc:datafield>
   <marc:datafield ind1=" " ind2=" " tag="653">
      <marc:subfield code="a">Österreich</marc:subfield>
   </marc:datafield>
   <marc:datafield ind1=" " ind2=" " tag="653">
      <marc:subfield code="a">Tschechien</marc:subfield>
   </marc:datafield>
   <marc:datafield ind1=" " ind2=" " tag="653">
      <marc:subfield code="a">Softcover / Reisen/Reiseführer/Sportreisen</marc:subfield>
   </marc:datafield>
   <marc:datafield ind1=" " ind2=" " tag="653">
      <marc:subfield code="a">Aktivreisen/Europa</marc:subfield>
   </marc:datafield>
   <marc:datafield ind1="0" ind2="0" tag="245">
      <marc:subfield code="a">Hotel Paradiso</marc:subfield>
   </marc:datafield>
   <marc:datafield ind1="0" ind2="0" tag="245">
      <marc:subfield code="b">Mit der Bahn zu 13 besonderen Orten in Mitteleuropa. Ein Reiseführer</marc:subfield>
   </marc:datafield>
   <marc:datafield ind1="0" ind2="0" tag="245">
      <marc:subfield code="c">Matthias Dusini</marc:subfield>
   </marc:datafield>
   <marc:datafield ind1=" " ind2="1" tag="264">
      <marc:subfield code="a">Wien</marc:subfield>
      <marc:subfield code="b">Falter Verlag</marc:subfield>
      <marc:subfield code="c">2021</marc:subfield>
   </marc:datafield>
   <marc:datafield ind1="1" ind2=" " tag="520">
      <marc:subfield code="a">Angaben aus der Verlagsmeldung

Hotel Paradiso : Mit der Bahn zu 15 Utopien Mitteleuropas / von Matthias Dusini

Ein Reiseführer der anderen Art, der zum Verweilen einlädt und den Kopf beschleunigt.
Matthias Dusini, der renommierte Kunstkritiker und Feuilleton-Chef der Wiener Wochenzeitung FALTER stellt 15 Orten in Mitteleuropa vor. Von Norditalien inkl. Italienischer Schweiz über Südtirol und Ostösterreich bis nach Tschechien. In Turin, am Lago Maggiore, im Burgenland oder in Zlin gab es im 20. Jahrhundert Versuche, Utopien zu verwirklichen. Lebensreformer, Unternehmer, Künstler und Ingenieure versuchten, eine Gegenwelt zu schaffen. Einige dieser Orte, die sowohl Rückzug als auch Beschleunigung bedeuten können, haben sich erhalten. Das Buch liefert Hintergrundinformationen und Geschichten, die nicht in den Werbeprospekten stehen
Durch die lebendige Gestaltung und Präsentation der Inhalte wird die Geschichte der verschiedenen Utopien erlebbar. Der Autor bringt seine subjektive Sicht ein und verweist auf weiterführende Literatur. Somit ist das Buch nicht nur ein Reiseführer, sondern auch ein Kompass durch das jeweilige Thema.
</marc:subfield>
   </marc:datafield>
   <marc:datafield ind1=" " ind2=" " tag="020">
      <marc:subfield code="a">9783854396628</marc:subfield>
      <marc:subfield code="9">9783854396628</marc:subfield>
   </marc:datafield>
   <marc:datafield ind1=" " ind2=" " tag="020">
      <marc:subfield code="a">3854396627</marc:subfield>
      <marc:subfield code="9">3854396627</marc:subfield>
   </marc:datafield>
   <marc:datafield ind1=" " ind2=" " tag="300">
      <marc:subfield code="a">256 Seiten</marc:subfield>
   </marc:datafield>
</marc:record>
